000 00911nac a22002891i 4500
003 EG-ScBUE
005 20250618083121.0
008 150823r2007 ii a f 001 0 eng d
020 _a9788121910958
020 _a8121910951
040 _aEG-Sc BUE
_beng
_erda
_cEG-Sc BUE
_dEG-ScBUE
082 0 4 _a539.7
_bGHO
_222
100 1 _aGhoshal, S. N.,
_eauthor.
245 1 0 _aAtomic Physics :
_bModern physics /
_cS. N. Ghoshal, khaira professor of physics, Calcutta University.
264 1 _aNew Delhi :
_bS.Chand & Company LTD. ,
_c2007.
300 _axx, 725 pages :
_billustrations ;
_c19 cm
336 _2rdacontent
_atext
_btxt
337 _aunmediated
_2rdamedia
_bn
338 _avolume
_bnc
_2rdacarrier
500 _aIncludes index.
590 _adoha
650 7 _aNuclear physics.
_2BUEsh
651 _2BUEsh
653 _cAugust2015
655 _vReading book
942 _cBB
_2ddc
999 _c20719
_d20691